Golden Boy 2003-2024 - Estadísticas

Estadísticas generales
  • Esta prueba ha sido intentada 36 veces
    17 desde el último reinicio
  • La puntuación promedio es 17 de 22
Estadísticas de respuestas
Año País Equipo Respuesta % Correcto
2020 Norway Borussia Dortmund Erling Haaland
100%
2017 France Paris Saint-Germain Kylian Mbappé
100%
2024 Spain FC Barcelona Lamine Yamal
100%
2021 Spain FC Barcelona Pedri
100%
2022 Spain FC Barcelona Gavi
93%
2012 Spain Málaga CF Isco
93%
2019 Portugal Atlético de Madrid Joao Félix
93%
2023 England Real Madrid Jude Bellingham
93%
2005 Argentina FC Barcelona Lionel Messi
93%
2018 Netherlands Ajax Matthijs de Ligt
87%
2013 France Juventus Paul Pogba
87%
2007 Argentina Atlético de Madrid Sergio Agüero
87%
2009 Brazil AC Milan Alexandre Pato
80%
2015 France Manchester United Anthony Martial
80%
2006 Spain Arsenal Cesc Fàbregas
80%
2010 Italy Manchester City Mario Balotelli
73%
2011 Germany Borussia Dortmund Mario Götze
67%
2016 Portugal Bayern Munich Renato Sanches
67%
2004 Inglaterra Manchester United Wayne Rooney
60%
2014 England Liverpool Raheem Sterling
47%
2008 Brazil Manchester United Anderson
40%
2003 Netherlands Ajax van der Vaart
27%
No se encontraron pruebas coincidentes
Distribución de puntuación
Porcentaje de gente con cada puntuación
Porcentaje por número respondido
Historial de tus puntuaciones
No has intentado esta prueba desde el último reinicio